El mundo de la química : (Registro nro. 7830)
[ vista simple ]
| 000 -CABECERA | |
|---|---|
| Campo de control interno | 01758nam a2200265Ia 4500 |
| 008 - ELEMENTOS DE LONGITUD FIJA - INFORMACIÓN GENERAL | |
| Campo de control de longitud fija | 260220t1998||||xx |||||||||||||| ||spa|| |
| 020 ## - ISBN | |
| ISBN | 8477641188 |
| 040 ## - FUENTE DE CATALOGACIÓN | |
| Agencia de catalogación original | PY-SlUNAC |
| Idioma de catalogación | spa |
| Convenciones de descripción | rda |
| 041 ## - CÓDIGO DE IDIOMA | |
| Código de idioma para texto/pista de sonido o título separado | spa |
| 082 ## - NÚMERO DE CLASIFICACIÓN DECIMAL DEWEY | |
| Clasificación Decimal Dewey (CDD) | 540 |
| Clasificación Expansiva de Cutter (EC) | M923em |
| 245 #0 - TÍTULO | |
| Título | El mundo de la química : |
| Subtítulo | curso teórico práctico |
| 250 ## - MENCIÓN DE EDICIÓN | |
| Mención de edición | Segunda edición |
| 264 ## - PIE DE IMPRENTA | |
| Lugar | Barcelona : |
| Editorial | Océano, |
| Año | ℗1998. |
| 300 ## - DESCRIPCIÓN FÍSICA | |
| Páginas | 961 páginas |
| 490 ## - MENCIÓN DE LA SERIE | |
| Serie/Colección | |
| Volumen/Número secuencial | tomo 1 |
| 520 ## - NOTA DE RESUMEN | |
| Nota de resumen | "El mundo de la química: curso teórico práctico" es una obra que ofrece una introducción integral a los principios fundamentales de la química, combinando teoría y práctica de manera accesible. El libro aborda temas esenciales como la estructura atómica, los enlaces químicos, las reacciones y las propiedades de los compuestos, facilitando la comprensión de conceptos complejos mediante ejemplos claros y experimentos ilustrativos. A lo largo de sus capítulos, se enfatiza la importancia de la química en la vida cotidiana y su aplicación en diversas disciplinas, desde la biología hasta la ingeniería. El enfoque didáctico se complementa con ejercicios prácticos que permiten a los lectores afianzar su aprendizaje y desarrollar habilidades experimentales. Con un lenguaje claro y recursos visuales atractivos, esta obra es ideal tanto para estudiantes como para aquellos interesados en profundizar en el fascinante mundo de la química, promoviendo así un entendimiento más sólido y una apreciación por esta ciencia fundamental. |
| 653 ## - MATERIA - TÉRMINO TEMÁTICO NO CONTROLADO (PALABRAS CLAVE) | |
| Materia - término temático no controlado (palabras clave) | Ciencias naturales |
| 653 ## - MATERIA - TÉRMINO TEMÁTICO NO CONTROLADO (PALABRAS CLAVE) | |
| Materia - término temático no controlado (palabras clave) | Educación |
| 653 ## - MATERIA - TÉRMINO TEMÁTICO NO CONTROLADO (PALABRAS CLAVE) | |
| Materia - término temático no controlado (palabras clave) | Química |
| 942 ## - ELEMENTOS PERSONALIZADOS (KOHA) | |
| Fecha catalogación | 2026/02/17 |
| Tipo de documento | Libros |
| Fuente de Clasificacion | Colección | Ubicacion permanente | Biblioteca actual | Fecha de Ingreso a la Biblioteca | Origen de adquisición | Enumeración en serie / cronología | Código de ubicación | Código de barras | Tipo de Item KOHA | Nota pública |
|---|---|---|---|---|---|---|---|---|---|---|
| Dewey Decimal Classification | Colección General (CG) | Biblioteca e Internet, Facultad de Ciencias Exactas y Naturales | Biblioteca e Internet, Facultad de Ciencias Exactas y Naturales | 02/20/2026 | Donación | T.1-2aEd. | 540 M923em | CG1190 | Libros | Material disponible en la Biblioteca e Intenet, Campus UNA, San Lorenzo. |


